ایک روپے ایک پھول / (Record no. 173098)

MARC details
000 -LEADER
fixed length control field 00492nam a22001937a 4500
005 - DATE AND TIME OF LATEST TRANSACTION
control field 20200218141857.0
010 ## - LCCN (DPL NO)
LC control number 359805
020 ## - INTERNATIONAL STANDARD BOOK NUMBER
Terms of availability 2.12
035 ## - SYSTEM CONTROL NUMBER
System control number 359805
037 ## - SOURCE OF ACQUISITION
Source of stock number/acquisition BPPD/Pub.
082 ## - DEWEY DECIMAL CLASSIFICATION NUMBER
Classification number ک
100 ## - MAIN ENTRY--PERSONAL NAME
Personal name کرشن خندر
245 ## - TITLE STATEMENT
Title ایک روپے ایک پھول /
Statement of responsibility, etc کرشن خندر
246 ## - VARYING FORM OF TITLE
Title proper/short title Ek Rupee Ek Phool (urdu) /
Remainder of title by Krishan Chander
260 ## - PUBLICATION, DISTRIBUTION, ETC. (IMPRINT)
Place of publication, distribution, etc -
Name of publisher, distributor, etc -
Date of publication, distribution, etc 1955 ء
270 ## - ADDRESS
Address -
City -
Postal code -
300 ## - PHYSICAL DESCRIPTION
Extent 180p.
Dimensions 18cm(Hb)
942 ## - ADDED ENTRY ELEMENTS (KOHA)
Source of classification or shelving scheme Dewey Decimal Classification
Item type Urdu Bks
Call number suffix ک ر ش
Classification part ک
Holdings
Withdrawn status Lost status Not for loan Collection code Home library Current library Date acquired Source of acquisition Cost, normal purchase price Full call number Barcode Copy number Cost, replacement price Koha item type
      Non-fiction Central Library Central Library 18/02/2020 BPPD/Ven. 2.12 ک ک ر ش 359805 1 2.12 Urdu Bks

© Delhi Public Library
Hit Counter
free hit counter